|
|
|
|
| LEADER |
00000nla0a2200000 4500 |
| 001 |
642465 |
| 005 |
20250204155452.0 |
| 035 |
|
|
|a (RuTPU)RU\TPU\network\7422
|
| 035 |
|
|
|a RU\TPU\network\7419
|
| 090 |
|
|
|a 642465
|
| 100 |
|
|
|a 20150625d2015 k||y0rusy50 ca
|
| 101 |
0 |
|
|a rus
|
| 102 |
|
|
|a RU
|
| 135 |
|
|
|a drcn ---uucaa
|
| 181 |
|
0 |
|a i
|
| 182 |
|
0 |
|a b
|
| 200 |
1 |
|
|a Некоторые вопросы обучения старшеклассников навыкам и умениям иноязычной диалогической речевой деятельности
|f Е. С. Ростова, Н. А. Тумакова, А. Э. Сенцов
|
| 203 |
|
|
|a Текст
|c электронный
|
| 225 |
1 |
|
|a Педагогика
|
| 300 |
|
|
|a Заглавие с экрана
|
| 320 |
|
|
|a [Библиогр.: с. 1472 (6 назв.)]
|
| 461 |
|
|
|t Молодой ученый
|o ежемесячный научный журнал
|d 2008-
|
| 463 |
|
|
|t № 11 (91)
|v [С. 1470-1472]
|d 2015
|
| 610 |
1 |
|
|a электронный ресурс
|
| 610 |
1 |
|
|a труды учёных ТПУ
|
| 610 |
1 |
|
|a образовательный процесс
|
| 610 |
1 |
|
|a иностранный язык
|
| 610 |
1 |
|
|a диалогическая речь
|
| 610 |
1 |
|
|a коммуникативные процессы
|
| 610 |
1 |
|
|a педагогическая деятельность
|
| 700 |
|
1 |
|a Ростова
|b Е. С.
|
| 701 |
|
1 |
|a Тумакова
|b Н. А.
|c лингвист
|c специалист по учебно-методической работе Томского политехнического университета
|f 1977-
|g Наталия Александровна
|3 (RuTPU)RU\TPU\pers\32594
|
| 701 |
|
1 |
|a Сенцов
|b А. Э.
|c лингвист
|c доцент Томского политехнического университета, кандидат политических наук
|f 1983-
|g Аркадий Эдуардович
|3 (RuTPU)RU\TPU\pers\27933
|
| 712 |
0 |
2 |
|a Национальный исследовательский Томский политехнический университет (ТПУ)
|b Институт неразрушающего контроля (ИНК)
|b Кафедра иностранных языков Института неразрушающего контроля (ИЯНК)
|3 (RuTPU)RU\TPU\col\18721
|
| 801 |
|
2 |
|a RU
|b 63413507
|c 20150625
|g RCR
|
| 856 |
4 |
0 |
|u http://www.moluch.ru/archive/91/20067/
|
| 942 |
|
|
|c CF
|